000 00611nam a22002291c 4500
001 a987690451
008 180904s1988 gw |||| 000u ger d
020 _a3922475116
_93-922475-11-6
041 _ager
100 1 _aWettig, Gerhard
245 0 0 _aGorbatschow auf Lenin-Kurs? :
_bDokumente zur neuen sowjetischen Politik
264 _aKöln :
_bRheinau-Verlag,
_c[1988]
300 _a154 Seiten
600 0 _aGorbačev, Michail
650 0 _aPerestroika
650 0 _aReformpolitik
650 0 _aAußenpolitik
651 0 _aSowjetunion
942 _cMG
040 _cRU-10907106
003 RU-10907106
999 _c46966
_d46966